Normal view
MARC view
Entry Personal Name
001 - CONTROL NUMBER
- control field: 1500
003 - CONTROL NUMBER IDENTIFIER
- control field: OSt
005 - DATE AND TIME OF LATEST TRANSACTION
- control field: 20110422121256.0
008 - FIXED-LENGTH DATA ELEMENTS
- fixed length control field: 110422|||a|||||| | ||| d
040 ## - CATALOGING SOURCE
- Original cataloging agency: OSt
- Transcribing agency: OSt
100 ## - HEADING--PERSONAL NAME
- Personal name: Maurice, Spencer G.
670 ## - SOURCE DATA FOUND
- Source citation: Work cat.: (OSt)0: Warburton, Jean. 1495, Tudor on charities /, 2003.
